<?xml version="1.0" encoding="UTF-8"?>
<marc:record xmlns:marc="http://www.loc.gov/MARC21/slim">
   <marc:leader>00000nam a2200000 a 4500</marc:leader>
   <marc:datafield ind1="1" ind2=" " tag="100">
      <marc:subfield code="a">Armbruster, Ulrike</marc:subfield>
      <marc:subfield code="4">aut</marc:subfield>
      <marc:subfield code="e">Verfasser/-in</marc:subfield>
   </marc:datafield>
   <marc:datafield ind1="1" ind2=" " tag="100">
      <marc:subfield code="a">Bergmann, Heide</marc:subfield>
      <marc:subfield code="4">aut</marc:subfield>
      <marc:subfield code="e">Verfasser/-in</marc:subfield>
   </marc:datafield>
   <marc:datafield ind1="0" ind2="0" tag="245">
      <marc:subfield code="a">Wildkräuter aus Topf und Garten</marc:subfield>
   </marc:datafield>
   <marc:datafield ind1="0" ind2="0" tag="245">
      <marc:subfield code="b">grüne Kraft pflanzen und genießen</marc:subfield>
   </marc:datafield>
   <marc:datafield ind1=" " ind2="1" tag="264">
      <marc:subfield code="b">Verlag Eugen Ulmer</marc:subfield>
      <marc:subfield code="c">2018</marc:subfield>
   </marc:datafield>
   <marc:datafield ind1="1" ind2=" " tag="520">
      <marc:subfield code="a">Praktischer als Suchen und Sammeln: Pflanzen Sie Ihre Wildkräuter selbst. So sind Verwechslungen und Straßendreck ausgeschlossen. Und: Wildkräuter sind enorm pflegeleichte Garten- und Topfpflanzen. Heimische Wildpflanzen stecken voller wertvoller Vitalstoffe und sind eine sinnvolle und darüber hinaus leckere Ergänzung zu unserem Essen. Gekauftes Superfood? Unnötig. Heide Bergmann und Ulrike Armbruster, Gartenexpertin und Kräuterfachfrau, erklären Ihnen den Anbau von 25 Wildkräutern im Garten und auf dem Balkon. Inhaltsstoffe der Kräuter und Ideen zur Nutzung für die Gesundheit sind natürlich dabei. Feine und vielfach erprobte Wildkräuterrezepte machen Lust auf gesunden Genuss.</marc:subfield>
   </marc:datafield>
   <marc:datafield ind1=" " ind2=" " tag="020">
      <marc:subfield code="a">9783818602772</marc:subfield>
      <marc:subfield code="9">9783818602772</marc:subfield>
   </marc:datafield>
   <marc:datafield ind1="3" ind2=" " tag="024">
      <marc:subfield code="a">9783818602772</marc:subfield>
   </marc:datafield>
   <marc:datafield ind1="0" ind2=" " tag="490">
      <marc:subfield code="v">0</marc:subfield>
   </marc:datafield>
   <marc:datafield ind1=" " ind2=" " tag="300">
      <marc:subfield code="a">160 S. Ill.</marc:subfield>
   </marc:datafield>
</marc:record>
